| 000 | 00546nam a2200157 i 4500 | ||
|---|---|---|---|
| 001 | 93927 | ||
| 003 | ES-MaACL | ||
| 005 | 20230906181339.0 | ||
| 007 | t| | ||
| 008 | 050422s1906 sp ||||1| spa d | ||
| 100 | 1 |
_aLópez Prieto, Ramón. _973901 |
|
| 245 | 1 | 0 |
_aAnatomía del seno maxilar desde el punto de vista del tratamiento quirúrgico de la sinusitis maxilar crónica. Tesis del Doctorado / _cpor Ramón López Prieto. |
| 260 |
_aValladolid : _bAmbrosio Rodríguez, _c1906. |
||
| 300 |
_a63 p. ; _c24 cm. |
||
| 852 |
_aES-MaACL _jT-1132-F-8 |
||
| 999 |
_c93927 _d93927 |
||